| 000 | 01109cam a2200361Mi 4500 | ||
|---|---|---|---|
| 001 | 88423 | ||
| 005 | 20230411090046.0 | ||
| 008 | 900712s1996 sp 000 0 spa d | ||
| 035 | _a(OCoLC)ocm36333039 | ||
| 040 |
_aPL# _bspa _cPL# _dEL$ _dOCLCQ _dBNM |
||
| 020 | _a8434411547 | ||
| 020 | _a9788434411548 | ||
| 029 | 0 |
_aPL# _b8434411547 |
|
| 035 | _a(OCoLC)36333039 | ||
| 041 | 1 | _aspa fre | |
| 049 | _aGRAL | ||
| 100 | 1 | _aMeyer, Michel. | |
| 245 | 1 | 3 |
_aLa insolencia : _bensayo sobre la moral y la polâitica / _cMichel Meyer. |
| 260 |
_aBarcelona : _bAriel, _c1996. |
||
| 300 |
_a154 p. ; _c21 cm. |
||
| 440 | 0 |
_aAriel ; _v156 |
|
| 500 | _aTâitulo original: Essai sur la morale et le politique. | ||
| 653 | _aFilosofâia. | ||
| 653 |
_aâEtica _aEnsayos, conferencias, etc. |
||
| 650 | 4 | _aPolâitica en la literatura. | |
| 650 | 7 |
_aCinismo. _2embne |
|
| 650 | 7 |
_aIntelectuales _xActividad poláitica. _2embne |
|
| 650 | 7 |
_aSátira política _xHistoria y crítica. _2embne |
|
| 938 |
_aPuvill Libros _bPUVL _n8434411547 _c$12.38 |
||
| 942 |
_2lcc _cbk |
||
| 994 |
_aC0 _bDRFGD |
||
| 946 | _alrm | ||
| 999 |
_c111758 _d111758 |
||